000 00348 a2200157 4500
001 180593
020 _a
040 _cMagnum
100 _aSallut, Elza Cesar
240 1 0 _aA formiguinha do ponto de onibus
_lpor
245 1 0 _aA formiguinha do ponto de onibus
362 0 _a1899
440 1 _aLĂȘ
697 _aMAGNITO: I/GERAL
942 _cBK
999 _c180593
_d180593